| 000 | 00846nam a2200253Ii 4500 | ||
|---|---|---|---|
| 003 | JO-AjNU | ||
| 005 | 20240114095846.0 | ||
| 008 | 230605s9999||||xx |||||||||||||| ||und|| | ||
| 017 | _a2018-12-5920 | ||
| 020 | _a978- 9923- 15- 026- 9 | ||
| 040 |
_aJO-AjNU _bara _erda _cJO-AjNU |
||
| 041 | _aara | ||
| 050 | 1 | 4 | _aK1241.S58 2019 |
| 100 | 3 |
_aشكري، بهاء بهيج, _eauthor _959158 |
|
| 245 | 0 | 0 | _aالتأمين على الاشخاص |
| 250 | _aط1 | ||
| 264 | 3 | 1 | _aعمان: دار الثقافة للنشر والتوزيع، 2019 |
| 300 |
_a519ص _bيحتوي على ملحق من ص493-515 |
||
| 336 |
_atext _btxt _2rdacontent |
||
| 337 |
_aunmediated _bn _2rdamedia |
||
| 338 |
_avolume _bnc _2rdacarrier |
||
| 650 | 4 |
_aالتامينات على الحياة-شركات التامين- التامين _959159 |
|
| 942 |
_2lcc _cBK |
||
| 999 |
_c30175 _d30175 |
||